000 02151nab a2200289 i 4500
003 BR-BrBNA
005 20241008143139.0
008 241008b2004 bl.qr|pooa||| 00| 0 por |
040 _aBR-BrBNA
_bpor
072 _aF70
072 _aK10
100 _aLuiz Menini Neto
100 _aAlmeida, Valquiria Rezende
100 _aForzza, Rafaela Campostrini
245 _aA família Orchidaceae na Reserva Biológica da Represa do Grama - Descoberto, Minas Gerais, Brasil
500 _aPublicação on-line; 25 ref.; 3 illus.; 1 table; Summaries (En, Pt)
520 _a RESUMO O estudo apresentado trata do levantamento das espécies de Orchidaceae ocorrentes na Reserva Biológica da Represa do Grama, localizada na Zona da Mata de Minas Gerais, no município de Descoberto. A Reserva abrange uma área de 263,8 hectares de floresta estacional semidecidual. A família Orchidaceae está representada na área por 23 gêneros e 28 espécies. Neste trabalho são fornecidas chave de identificação, descrições, ilustrações, distribuição geográfica e comentários para as espécies. Palavras chave: Orchidaceae, Minas Gerais, Zona da Mata, taxonomia
520 _a ABSTRACT A survey consist the taxonomic study of the Orchidaceae family in the Reserva Biológica da Represa do Grama, located at Zona da Mata of Minas Gerais, in the Descoberto’s town. The area covers 263,8 hectares of stationary semidecidual forest. There were finded for the family 23 genera and 28 species. There are gived key to identification, descriptions, ilustrations, geographical distribution and comments for each species. Key words: Orchidaceae, Minas Gerais, Zona da Mata, taxonomy
650 _aORCHIDACEAE
650 _aTAXONOMIA
650 _aMINAS GERAIS
650 _aZONA DA MATA
773 0 _0709
_9345133
_dRio de Janeiro-RJ Jardim Botanico do Rio de Janeiro 1935
_o2024-5590
_tRodriguésia (Brazil)
_x0370-6583; 2175-7860 on-line
_gv. 55(84) p. 137-156; (2004)
_wBR2024003220
856 _uhttps://www.scielo.br/j/rod/a/McbCSqXPxddq75DjbcrpyYR/?format=pdf&lang=pt
942 _cANA
999 _c327996
_d327996